| 000 | 00525nam a22001937a 4500 | ||
|---|---|---|---|
| 003 | KOHA_MİRAKIL | ||
| 005 | 20241003053921.0 | ||
| 008 | 241002b2018 tu ||||| |||| 00| 0 tur d | ||
| 020 | _a9789751030245 | ||
| 040 |
_aTR-AnABB _btur _cTR-AnABB |
||
| 041 | _atur | ||
| 082 |
_a789.2 _bOZO 2018 |
||
| 100 | 1 |
_aÖzoğuz, İsmet _91142 |
|
| 245 | 1 | 0 |
_aHep o türküler / _cİsmet Özoğuz. |
| 260 |
_aİstanbul : _bİnkılap Kitapevi, _c2018. |
||
| 300 |
_a560 sayfa ; _c13 cm. |
||
| 650 |
_aŞarkılar _91143 |
||
| 942 |
_2ddc _cBK |
||
| 999 |
_c7710 _d7710 |
||
| 900 | _bCan Çelik | ||